La campaña de Palestina (Record no. 23438)

MARC details
000 -LEADER
campo de control de longitud fija 00617nam a2200169 i 4500
001 - NÚMERO DE CONTROL
campo de control 23438
003 - IDENTIFICADOR DE NÚMERO DE CONTROL
campo de control ES-MaACL
005 - FECHA Y HORA DE LA ÚLTIMA TRANSACCIÓN
campo de control 20230906152854.0
007 - CAMPO FIJO DE DESCRIPCIÓN FÍSICA--INFORMACIÓN GENERAL
campo de control de longitud fija t|
008 - DATOS DE LONGITUD FIJA--INFORMACIÓN GENERAL
campo de control de longitud fija 021210s1918 xxk ||||1| spa d
100 1# - ENTRADA PRINCIPAL--NOMBRE DE PERSONA
Nombre de persona Allenby, Edmund.
9 (RLIN) 20007
245 13 - MENCIÓN DEL TÍTULO
Título La campaña de Palestina
Resto del título : relato de las operaciones desde el 28 de junio de 1917 hasta la toma de Jerusalén /
Mención de responsabilidad, etc. despacho del General Sir Edmund Allenby.
260 ## - PUBLICACIÓN, DISTRIBUCIÓN, ETC.
Lugar de publicación, distribución, etc. Londres :
Nombre del editor, distribuidor, etc. Alabaster, Passmore & Sons,
Fecha de publicación, distribución, etc. 1918.
300 ## - DESCRIPCIÓN FÍSICA
Extensión 27 p. :
Otras características físicas il. ;
Dimensiones 21 cm.
650 #4 - PUNTO DE ACCESO ADICIONAL DE MATERIA--TÉRMINO DE MATERIA
Término de materia o nombre geográfico como elemento de entrada Guerra mundial, 1914-1918-
Subdivisión general Campañas-
Subdivisión geográfica Arabia.
9 (RLIN) 155391
852 ## - LOCALIZACIÓN
Ubicación ES-MaACL
Número de control de estantería 1577-F-10
Holdings
Estatus retirado Estado de pérdida Estado de daño No para préstamo Colección Biblioteca de origen Biblioteca actual Ubicación en estantería Fecha de adquisición Fuente de adquisición Total de préstamos Signatura topográfica completa Código de barras Visto por última vez Precio de reemplazo Tipo de ítem Koha
        Colección de folletos Biblioteca del Ateneo de Madrid Biblioteca del Ateneo de Madrid Depósito folletos 17/01/2008     1577-F-10 1024149 23/02/2023 23/02/2023 Folleto